Word Scramble Geography by Letter - A - Statistics

General Stats
  • This quiz has been taken 469 times
  • The average score is 14 of 20
Answer Stats
Answer % Correct
Amman
100%
Apia
96%
Alaska
95%
Angola
95%
Agra
94%
Amazon
93%
Andorra
93%
Alabama
92%
Accra
91%
Aden
91%
Alps
91%
Aruba
91%
Asia
90%
Atlanta
90%
Armenia
87%
Azerbaijan
87%
Albania
86%
Argentina
86%
Abu Dhabi
84%
Algeria
84%
Arkansas
84%
Abuja
83%
Afghanistan
83%
Athens
83%
Atlas
83%
Algiers
81%
Africa
80%
Alexandria
80%
Ankara
80%
Azores
76%
Amsterdam
75%
Arizona
75%
Augusta
75%
Australia
73%
Austria
72%
Andes
71%
Antwerp
71%
Antananarivo
70%
Ashgabat
70%
Addis Ababa
69%
America
69%
Aberdeen
68%
Austin
68%
Albany
67%
Adelaide
66%
Auckland
64%
Asmara
63%
Arabic
62%
Aegean
60%
Alberta
60%
Asuncion
58%
Afrikaans
55%
Abidjan
53%
Aleppo
51%
Ararat
51%
Antarctica
50%
Antigua and Barbuda
48%
Appalachians
46%
Almaty
44%
Andorra la Vella
41%
Ahmedabad
40%
Amharic
36%
Adriatic
33%
Anchorage
30%
No matching quizzes found
Score Distribution
Percent of People with Each Score
Percentile by Number Answered
Your Score History
You have not taken this quiz